Europäische Nationen bei der WM 2026 - Statistiken

Allgemein
  • Dieses Quiz wurde 25 mal gespielt
  • Das Durchschnittsergebnis liegt bei 12 aus 16
Antwortstatistiken
Hinweise Antwort % Korrekt
Sieger Quali-Gruppe A (gegen Slowakei, Nordirland, Luxemburg) Deutschland
90%
Play-off-Sieger (gegen Wales und Italien) Bosnien
86%
Sieger Quali-Gruppe H (gegen Bosnien, Rumänien, Zypern, San Marino) Österreich
76%
Sieger Quali-Gruppe B (gegen Kosovo, Slowenien, Schweden) Schweiz
76%
Sieger Quali-Gruppe E (gegen Türkei, Georgien, Bulgarien) Spanien
76%
Play-off-Sieger (gegen Rumänien und Kosovo) Türkei
76%
Sieger Quali-Gruppe I (gegen Italien, Israel, Estland, Rep. Moldau) Norwegen
71%
Sieger Quali-Gruppe F (gegen Irland, Ungarn, Armenien) Portugal
71%
Play-off-Sieger (gegen Ukraine und Polen) Schweden
71%
Play-off-Sieger (gegen Irland und Dänemark) Tschechien
71%
Sieger Quali-Gruppe J (gegen Wales, Nordmazed., Kasachstan, Liechtenstein) Belgien
67%
Sieger Quali-Gruppe K (gegen Albanien, Serbien, Lettland, Andorra) England
67%
Sieger Quali-Gruppe D (gegen Ukraine, Island, Aserbaidschan) Frankreich
67%
Sieger Quali-Gruppe L (gegen Tschechien, Färöer, Montenegro, Gibraltar) Kroatien
67%
Sieger Quali-Gruppe G (gegen Polen, Finnland, Malta, Litauen) Niederlande
67%
Sieger Quali-Gruppe C (gegen Dänemark, Griechenland, Belarus) Schottland
52%
Keine übereinstimmenden Quizze gefunden
Verteilung der Resultate
Anzahl Personen mit jedem Resultat
Perzentil nach korrekt beantworteten Fragen
Ihre Resultats-Entwicklung
Sie haben dieses Quiz noch nicht gespielt